Vista normal
Vista MARC
Diccionario de Contabilidad (Registro nro. 352)
[ vista simple ]
| 000 -Cabecera (24) | |
|---|---|
| Campo de control interno | 02013nam a22002657a 4500 |
| 001 - Número de control | |
| Campo de control | UTEA |
| 005 - Fecha y hora de la | |
| Campo de control | 20231201202833.0 |
| 006 - Campos de control - información adicional | |
| Campos de control | g||||gr||||||01 nz |
| 007 - Tipo material - Descripcion fisica - info general | |
| Tipo material | ta |
| 008 - Códigos de longitud fija (40p) | |
| Campo de control de longitud fija | 160927b pe||||| |||| 00| 0 spa d |
| 040 ## - Origen de la Catalogacion | |
| Centro catalogador/agencia de origen | UTEA |
| 041 ## - Código de idioma (R) | |
| Código de lengua del texto/banda sonora o título independiente (R) | Es |
| 044 ## - COUNTRY OF PUBLISHING/PRODUCING ENTITY CODE | |
| MARC country code | PE |
| 082 ## - Número de la Clasificación | |
| Número de la Clasificación | 657.03 |
| Notación Interna | A57 |
| 100 ## - Autor Personal | |
| Autor Personal | Andrade Espinoza, Simón |
| Títulos y otros términos asociados al nombre (R) | Docente |
| Término indicativo de función (R) | Autor |
| 245 ## - Titulo | |
| Titulo | Diccionario de Contabilidad |
| Mención del autor | Simón Andrade Espinoza |
| Medio físico | [Impreso] |
| 250 ## - Mencion de edicion | |
| Mencion de edicion | 3a edición |
| 260 ## - Editorial | |
| Ciudad | Lima - Perú |
| Nombre de la Editorial | Andrade |
| Fecha | 2010 |
| 300 ## - Descripcion | |
| Páginas | 638 páginas. |
| Dimensiones | 14.9 x 21 cm. |
| 505 ## - Nota de contenido formateada | |
| Nota de contenido formateada Índice del Libro] | Términos de contabilidad con la letra A. -- Términos de contabilidad con la letra B. -- Términos de contabilidad con la letra C. -- Términos de contabilidad con la letra D. -- Términos de contabilidad con la letra E. -- Términos de contabilidad con la letra F. -- Términos de contabilidad con la letra G. -- Términos de contabilidad con la letra H. -- Términos de contabilidad con la letra I. -- Términos de contabilidad con la letra J. -- Términos de contabilidad con la letra K. -- Términos de contabilidad con la letra L. -- Términos de contabilidad con la letra M. -- Términos de contabilidad con la letra N. -- Términos de contabilidad con la letra O. -- Términos de contabilidad con la letra P. -- Términos de contabilidad con la letra Q. -- Términos de contabilidad con la letra R. -- Términos de contabilidad con la letra S. -- Términos de contabilidad con la letra T. -- Términos de contabilidad con la letra U. -- Términos de contabilidad con la letra V. -- Términos de contabilidad con la letra W. -- Términos de contabilidad con la letra X. -- Términos de contabilidad con la letra Y. -- Términos de contabilidad con la letra Z. |
| 520 ## - Resumen | |
| Resumen | Este diccionario brinda todos los significados de las palabras contables. |
| 650 #0 - Temas - Descriptores | |
| Temas - Descriptores | DICCIONARIO DE CONTABILIDAD |
| 9 (RLIN) | 1988 |
| 653 ## - Palabras Claves | |
| Palabras Claves | CONTABILIDAD |
| -- | CIENCIAS CONTABLES |
| -- | DICCIONARIO DE CONTABILIDAD |
| 942 ## - Datos personalizados Koha | |
| Esquema de Clasificacion | Dewey Decimal Classification |
| Tipo de Documento | Libros |
| Catalogador | Cirila Celinda Molina Chirinos |
| Fecha procesamiento | 2023-12-01 |
| Estado de retiro | Estado de pérdida | Fuente de Clasificacion | Estado | No para préstamo | Escuela Profesional/ Mención de Maestría | Localización permanente | Ubicación/localización actual | Ubicación en estantería | Fecha de adquisición | Fuente de adquisición | Signatura topográfica completa | Código de barras | Número de Ejemplar | Tipo de ítem Koha |
|---|---|---|---|---|---|---|---|---|---|---|---|---|---|---|
| Dewey Decimal Classification | E.P. Contabilidad | Biblioteca Abancay UTEA | Biblioteca Abancay UTEA | Área de Ciencias Puras y Aplicada (primer piso) | 12/01/2023 | Donación | 657.03 A57 2010 | BABA16090427 | ej.1 | Libros |